The AAVSO variable star atlas (Record no. 7039)
[ view plain ]
| 000 -LEADER | |
|---|---|
| fixed length control field | 00609nam a2200193Ia 4500 |
| 003 - CONTROL NUMBER IDENTIFIER | |
| control field | IN-BaIIA |
| 008 - FIXED-LENGTH DATA ELEMENTS--GENERAL INFORMATION | |
| fixed length control field | 211028s9999 xx 000 0 eng d |
| 020 ## - INTERNATIONAL STANDARD BOOK NUMBER | |
| International Standard Book Number | 0-933346-28-X |
| 040 ## - CATALOGING SOURCE | |
| Transcribing agency | IIA Library |
| 080 ## - UNIVERSAL DECIMAL CLASSIFICATION NUMBER | |
| Universal Decimal Classification number | 084.4:524.33 |
| Item number | SCO |
| 100 ## - MAIN ENTRY--PERSONAL NAME | |
| Personal name | Scovil, Charles E |
| 9 (RLIN) | 12040 |
| 245 #4 - TITLE STATEMENT | |
| Title | The AAVSO variable star atlas |
| Statement of responsibility, etc. | Charles E Scovil |
| 260 ## - PUBLICATION, DISTRIBUTION, ETC. | |
| Place of publication, distribution, etc. | Cambridge |
| Name of publisher, distributor, etc. | Sky Publishing |
| Date of publication, distribution, etc. | 1980 |
| 300 ## - PHYSICAL DESCRIPTION | |
| Extent | [various pagings.] |
| 650 ## - SUBJECT ADDED ENTRY--TOPICAL TERM | |
| Topical term or geographic name entry element | Astronomy -- Observers' manuals |
| 9 (RLIN) | 12041 |
| 650 ## - SUBJECT ADDED ENTRY--TOPICAL TERM | |
| Topical term or geographic name entry element | Variable stars |
| 9 (RLIN) | 1140 |
| 650 ## - SUBJECT ADDED ENTRY--TOPICAL TERM | |
| Topical term or geographic name entry element | Variable stars -- Atlases |
| 9 (RLIN) | 12042 |
| 942 ## - ADDED ENTRY ELEMENTS (KOHA) | |
| Koha item type | Books |
| Withdrawn status | Lost status | Damaged status | Not for loan | Home library | Current library | Shelving location | Date acquired | Total Checkouts | Full call number | Barcode | Date last seen | Price effective from | Koha item type |
|---|---|---|---|---|---|---|---|---|---|---|---|---|---|
| IIA Library-Bangalore | IIA Library-Bangalore | General Stacks | 31/03/1982 | 084.4:524.33/ SCO | 7817 | 05/11/2021 | 31/03/1982 | Books |